Statistics for Top 50 most populous cities in the world

Click here to take the quiz!

General Stats

  • This quiz has been taken 43 times
  • The average score is 34 of 50

Answer Stats

HintAnswer% Correct
1Tokyo
98%
23Los Angeles
93%
28Paris
93%
2Delhi
90%
37London
90%
5Mexico City
90%
24Moscow
90%
8Beijing
88%
39Chicago
85%
7Mumbai
85%
11New York City
85%
3Shanghai
85%
6Cairo
83%
15Istanbul
83%
48Hong Kong
80%
19Rio de Janeiro
80%
29Bogota
78%
13Buenos Aires
78%
18Lagos
78%
10Osaka
78%
4Sao Paulo
78%
34Seoul
78%
33Bangkok
75%
38Tehran
75%
32Lima
73%
30Jakarta
70%
9Dhaka
68%
22Guangzhou
68%
17Manila
68%
12Karachi
63%
16Kolkata
63%
42Wuhan
63%
27Bangalore
60%
36Hyderabad
60%
21Kinshasa
60%
46Kuala Lumpur
60%
25Shenzhen
60%
47Xi'an
60%
26Lahore
58%
43Ho Chi Minh City
55%
40Chengdu
53%
31Chennai
53%
45Ahmedabad
48%
14Chongqing
45%
35Nagoya
38%
41Nanjing
35%
20Tianjin
33%
50Hangzhou
30%
44Luanda
23%
49Dongguan
5%

Score Distribution

Percentile by Number Answered

Percent of People with Each Score

Your Score History

You have not taken this quiz